| 000 | 00866nam a22002057a 4500 | ||
|---|---|---|---|
| 010 | _aENG-99750 | ||
| 020 |
_c695.00 _a9788132104551 |
||
| 035 | _aEN-83282 | ||
| 037 | _bDBAD / PUB | ||
| 082 | _a323.154 | ||
| 245 |
_aStates in conflict with their minorities: _cedited by Rita Manchanda _bchallenges to minority rights in South Asia / |
||
| 260 |
_aNew Delhi _bSage Publications _c2010 |
||
| 270 |
_aB 1/I-1 Mohan Cooperative Industrial Area Mathura Road, _bNew Delhi _e110044 |
||
| 300 |
_ax, 319p. _c22cm (Hb) |
||
| 500 | _aIncludes bibliographical references and index | ||
| 600 |
_aBaba Visakha Singh _xBiography. _911217 |
||
| 700 |
_910254 _aManchanda, Rita |
||
| 942 |
_2ddc _cEN _mSTA _h323.154 |
||
| 999 |
_c41108 _d41108 |
||